| 000 | 00584nam a2200241Ia 4500 | ||
|---|---|---|---|
| 008 | 181129s9999 xx 000 0 und d | ||
| 020 | _a9780531239230 | ||
| 050 | _bR111 2013 | ||
| 100 | _aRaatma, Lucia | ||
| 245 | 0 | _aGood manners / | |
| 245 | 0 | _cby Lucia Raatma. | |
| 260 | _aNew York, NY : | ||
| 260 | _bChildren's Press, | ||
| 260 | _c2013 | ||
| 300 | _a48 pages : | ||
| 300 | _bcolor illustrations ; | ||
| 300 | _c21cm. | ||
| 440 | _aA true book. | ||
| 500 | _a640L | ||
| 650 | _aEtiquette for children and teenagers. | ||
| 700 | _aSeries. | ||
| 700 | _aTitle. | ||
| 999 |
_c359954 _d359954 |
||